Statistiken für Bilder nach Buchstabe - Q

Klicken Sie hier um das Quiz zu spielen!

Allgemein

  • Dieses Quiz wurde 816 mal gespielt
  • Das Durchschnittsergebnis liegt bei 8 aus 15

Antwortstatistiken

Answer % Korrekt
Qualle
97%
Quartett
82%
Quitte
78%
Quaken
77%
Quarz
74%
Quiche
54%
Quadriga
50%
Qwerty
44%
Queue
40%
Qantas
40%
Quilt
33%
Quadratisch
29%
Quijote
23%
Quetzal
18%
Quarterback
16%

Verteilung der Resultate

Perzentil nach korrekt beantworteten Fragen

Anzahl Personen mit jedem Resultat

Ihre Resultats-Entwicklung

Sie haben dieses Quiz noch nicht gespielt